000 00455nam a2200193Ia 4500
003 0100
008 130303s9999 xx 000 0 und d
040 _cARRUPELIB
050 _aB72.S66 1996
100 _aSolomon, Robert C
245 2 _aA short history of philosophy
260 _aNew York
260 _bOxford University Press
260 _C1996
300 _axvii
300 _b 329p. 23cm.
700 _aHiggins, Kathleen M
942 0 0 _020
999 _c15727
_d15727